000 00468nam a2200193Ia 4500
008 170918s9999 xx 000 0 und d
020 _a9780439812146
050 _bW873 1996
100 _aWood, Audrey
245 4 _aThe bunyans /
245 _cAudrey Wood ; illustrated by David Shannon.
260 _aNew York :
260 _bScholastic,
260 _c1996
300 _aunpaged :
300 _bcolored illustration ;
300 _c26cm.
500 _a980
999 _c342213
_d342213